01197cam a2200337 a 450000100090000000300050000900500170001400800410003101000170007202000180008904000180010704300120012505000270013708200160016410000220018024500390020224600300024126000360027130000210030765000550032865000320038365000310041565100220044665500380046865500250050670000390053174000200057085600980059085600900068885600810077812396386Nust20170310110144.0010501r20011991nyu 000 1 eng  a 2001034030 a9780671742560 aDLCcDLCdDLC an-us-in00aPS3563.C3884bP37 200100a813.54bMCN1 aMcNaught, Judith.10aTender triumph /cJudith McNaught.3 aParadise ; Tender triumph aNew York :bPocket Books,c2001 a744 p. ;c24 cm. 0aConsolidation and merger of corporationsvFiction. 0aDepartment storesvFiction. 0aWomen executivesvFiction. 0aIndianavFiction. 7aRomantic suspense fiction.2gsafd 7aLove stories.2gsafd12aMcNaught, Judith.tTender triumph.02aTender triumph.423Contributor biographical informationuhttp://www.loc.gov/catdir/bios/simon052/2001034030.html423Publisher descriptionuhttp://www.loc.gov/catdir/description/simon032/2001034030.html413Sample textuhttp://www.loc.gov/catdir/enhancements/fy0641/2001034030-s.html